Tours et courses cylistes français - Statistiques

Statistiques générales
  • Ce quiz a été pris 22 fois
  • Le résultat moyen est 5 sur 15
Statistiques - réponses
Hint Réponse % Correct
(Pays) Tour de France
100%
(Commune-Commune) Paris-Roubaix
50%
(Région) Tour de Bretagne
45%
(Département) Tour de l'Ain
35%
(Commune du Nord) Quatre Jours de Dunkerque
30%
(Région) Tour de la Provence
30%
(Région) Tour du Limousin
30%
(Commune+Département) Étoile de Bessèges - Tour du Gard
25%
(Région) Tour Alsace
25%
(Département) Tour du Jura
25%
(Région) Tour Poitou-Charentes
25%
(Département) Tour du Finistère
20%
(Département) Boucles de la Mayenne
15%
(Département) Tour de Vendée
15%
(Département) Ardèche Classic
0%
Aucun quiz correspondant
Distribution des résultats
% des personnes avec chaque résultat
Percentile par nombre de réponses
Votre historique - résultats
Vous n’avez pas pris ce quiz